Études et portraits politiques / (Record no. 14821)

MARC details
000 -LEADER
fixed length control field 00995cam a22002531a 4500
001 - CONTROL NUMBER
control field ca 15000838
003 - CONTROL NUMBER IDENTIFIER
control field DLC
005 - DATE AND TIME OF LATEST TRANSACTION
control field 20260227111100.0
008 - FIXED-LENGTH DATA ELEMENTS--GENERAL INFORMATION
fixed length control field 850212s1874 fr 000 0 fre
010 ## - LIBRARY OF CONGRESS CONTROL NUMBER
LC control number ca 15000838
035 ## - SYSTEM CONTROL NUMBER
System control number (OCoLC)11683910
040 ## - CATALOGING SOURCE
Original cataloging agency DLC
Transcribing agency VtU
Modifying agency VtU
-- DLC
042 ## - AUTHENTICATION CODE
Authentication code premarc
050 00 - LIBRARY OF CONGRESS CALL NUMBER
Classification number DC252
Item number .L25
100 1# - MAIN ENTRY--PERSONAL NAME
Personal name Lanfrey, Pierre,
Dates associated with a name 1828-1877.
245 10 - TITLE STATEMENT
Title Études et portraits politiques /
Statement of responsibility, etc. par P. Lanfrey.
250 ## - EDITION STATEMENT
Edition statement 3e éd.
260 ## - PUBLICATION, DISTRIBUTION, ETC.
Place of publication, distribution, etc. Paris :
Name of publisher, distributor, etc. Charpentier,
Date of publication, distribution, etc. 1874.
300 ## - PHYSICAL DESCRIPTION
Extent 384 p. ;
Dimensions 18 cm.
505 0# - FORMATTED CONTENTS NOTE
Formatted contents note L'histoire du condulat et de l'empire par m. Thiers -- Daunou --Carnot -- Armand Carrel -- M. Guizot -- M. Proudhon -- Du régime parlementaire sous Louis-Philippe -- Un dernier mot sur Carnot -- Paris en Amérique par m. E. Laboulaye.
651 #0 - SUBJECT ADDED ENTRY--GEOGRAPHIC NAME
Geographic name France
General subdivision Politics and government.
600 10 - SUBJECT ADDED ENTRY--PERSONAL NAME
Personal name Thiers, Adolphe,
Dates associated with a name 1797-1877.
Title of a work L'histoire du consulat et de l'empire.
600 10 - SUBJECT ADDED ENTRY--PERSONAL NAME
Personal name Laboulaye, Edouard,
Dates associated with a name 1811-1883.
Title of a work Paris en Amérique.

No items available.

Powered by Koha